000 00716nam a22002171a 4500
001 10068
003 OSt
005 20260204212144.0
008 070815s2000||||sp ||||||b||||||||||spa||
020 _a842521825x
050 _a624.18431 J564h
100 _aJiménez Montolla, Pedro
245 _aHormigón armado: basado en la EHE ajustada al código y modelo y al eurocódigo / Pedro Jiménez Montoya, Álvaro Garía Meseguery y Francisco Morán Cabré
250 _a14
264 _aEspaña : Gustavo Gili
300 _a844p
500 _aINcluye Bibliografía
650 _aHormigón Armado 2. Estructura- Hormigón
700 _aGarcía Meseguer, Alvaro II. Morán Cabré, FranciscoÌ
942 _2ddc
_cBK
999 _c10068
_d10068